Loading...

Spreadable media /

Bibliographic Details
Main Author: Jenkins, Henry
Other Authors: Ford, Sam, Green, Joshua
Format: Printed Book
Language:English
Published: New York : New York University Press, 2013.
Edition:1st ed.
Subjects:
LEADER 00705 a2200205 4500
008 200114b xxu||||| |||| 00| 0 eng d
999 |c 24730  |d 24730 
020 |a 9780814743508 
082 |a 302.23  |b JEN 
100 |a Jenkins, Henry 
245 |a Spreadable media /  |c Henry Jenkins, Sam Ford, and Joshua Green 
250 |a 1st ed. 
260 |b New York University Press,  |a New York :  |c 2013. 
300 |a 351p. 
650 |a Web 2.0 
650 |a The value of media engagement 
700 |a Ford, Sam 
700 |a Green, Joshua 
942 |2 ddc  |c BK 
952 |0 0  |1 0  |2 ddc  |4 0  |6 302_230000000000000_JEN  |7 0  |9 33865  |a MAIN  |b MAIN  |d 2019-02-21  |e Mathrubhumi Books  |g 2184.00  |o 302.23 JEN  |p 35185  |r 2019-02-21  |t 1  |v 0.00  |w 2019-02-21  |y BK